|
|
|
|
| LEADER |
01614nam a22003617a 4500 |
| 001 |
36825 |
| 003 |
BD-DhAAL |
| 005 |
20191230121700.0 |
| 008 |
301219t2007 enkad b 001 0 eng d |
| 999 |
|
|
|c 41550
|d 41550
|
| 020 |
|
|
|a 9780521791908 (hbk.)
|
| 020 |
|
|
|a 0521791901 (hbk.)
|
| 020 |
|
|
|a 9780521796408 (pbk.)
|
| 020 |
|
|
|a 0521796407 (pbk.)
|
| 040 |
|
|
|a UKM
|c UKM
|d BAKER
|d BTCTA
|d YDXCP
|d BWKUK
|d DLC
|d BD-DhAAL
|
| 082 |
0 |
4 |
|a 612.82336
|2 22
|
| 100 |
1 |
|
|a Ingram, John C. L.
|9 38651
|
| 245 |
1 |
0 |
|a Neurolinguistics :
|b an introduction to spoken language processing and its disorders /
|c John C.L. Ingram.
|
| 260 |
|
|
|a Cambridge :
|b Cambridge University Press,
|c c2007.
|
| 300 |
|
|
|a xxi, 420 pages :
|b illustrations ;
|c 25 cm.
|
| 440 |
|
0 |
|a Cambridge textbooks in linguistics
|9 38652
|
| 504 |
|
|
|a Includes bibliographical references (pages 387-413) and index.
|
| 526 |
|
|
|a ENH
|
| 541 |
|
|
|a Trim Education
|e 36825, 36826
|
| 650 |
|
0 |
|a Neurolinguistics.
|9 38653
|
| 650 |
|
0 |
|a Speech perception.
|9 38654
|
| 650 |
|
0 |
|a Aphasia
|x Etiology.
|9 38655
|
| 650 |
|
0 |
|a Human information processing.
|9 38656
|
| 650 |
|
0 |
|a English language.
|9 38657
|
| 852 |
|
|
|a Ayesha Abed Library
|c General Stacks
|
| 942 |
|
|
|2 ddc
|c BK
|
| 952 |
|
|
|0 0
|1 0
|2 ddc
|4 0
|6 612_823360000000000_ING
|7 0
|9 67544
|a BRACUL
|b BRACUL
|c GEN
|d 2019-12-26
|e Trim Education
|g 3475.00
|l 1
|m 1
|o 612.82336 ING
|p 3010036826
|r 2025-06-23
|s 2025-06-18
|t 2
|v 3475.00
|w 2019-12-26
|y BK
|
| 952 |
|
|
|0 0
|1 0
|2 ddc
|4 0
|6 612_823360000000000_ING
|7 0
|9 67545
|a BRACUL
|b BRACUL
|c GEN
|d 2019-12-26
|e Trim Education
|g 3475.00
|l 1
|m 18
|o 612.82336 ING
|p 3010036825
|r 2022-12-28
|s 2022-09-01
|t 1
|v 3475.00
|w 2019-12-26
|y BK
|